000 00699nam a2200241Ia 4500
003 OSt
005 20220918230501.0
006 a|||||r|||| 00| 0
007 ta
008 220917b |||||||| |||| 00| 0 eng d
024 _a254,049
037 _cTextual
040 _aARTS
_cARTS
_beng
041 _2eng
_aeng
082 _aV613:196133,(zD).N6, L1
100 _aChristie Roy
_9152703
245 0 _aFor the president's eyes only
_b The story of John Brumer agent extraordinary
260 _aNicholson
_bHugh Keartland
_c1971
300 _a183p.
_ccm.
650 _aHISTORY
942 _hV613:196133,(zD).N6, L1
_cTEXL
_2CC
999 _c288170
_d288170